Oscar Best Picture Winners with One Word Titles - Statistics

General Stats
  • This quiz has been taken 58 times
  • The average score is 14 of 26
Answer Stats
Year Answer % Correct
1997 Titanic
78%
2019 Parasite
73%
2016 Moonlight
69%
2000 Gladiator
64%
1982 Gandhi
62%
1927 Wings
62%
1970 Patton
58%
1942 Casablanca
56%
2002 Chicago
56%
2012 Argo
53%
2005 Crash
53%
1955 Marty
53%
2015 Spotlight
53%
1992 Unforgiven
53%
1986 Platoon
51%
1976 Rocky
51%
1940 Rebecca
49%
1984 Amadeus
47%
2014 Birdman
44%
1933 Cavalcade
44%
1931 Cimarron
44%
1958 Gigi
44%
1948 Hamlet
42%
1968 Oliver!
42%
1995 Braveheart
40%
1959 Ben-Hur
31%
No matching quizzes found
Score Distribution
Percent of People with Each Score
Percentile by Number Answered
Your Score History
You have not taken this quiz